| Tag |
First Indicator |
Second Indicator |
Subfields |
| LEADER |
00000cam a2200000Ma 4500 |
| 001 |
in00003545962 |
| 006 |
m o d |
| 007 |
cr nn||||||||| |
| 008 |
121204s1978 mau o 000 0 eng d |
| 005 |
20260422211151.2 |
| 020 |
|
|
|a 9781468409673 (electronic bk.)
|
| 020 |
|
|
|a 1468409670 (electronic bk.)
|
| 020 |
|
|
|z 1468409670
|
| 035 |
|
|
|a (OCoLC)840287588
|
| 040 |
|
|
|a I9W
|b eng
|e pn
|c I9W
|d OCLCO
|d UV0
|d OCLCO
|d GW5XE
|d OCLCQ
|d OCLCF
|d UtOrBLW
|
| 049 |
|
|
|a TXAM
|
| 050 |
|
4 |
|a RM1-950
|
| 082 |
0 |
4 |
|a 615
|2 23
|
| 100 |
1 |
|
|a Kritchevsky, David.
|
| 245 |
1 |
0 |
|a Drugs, Lipid Metabolism, and Atherosclerosis /
|c edited by David Kritchevsky, Rodolfo Paoletti, William L. Holmes.
|
| 264 |
|
1 |
|a Boston, MA :
|b Springer US :
|b Imprint :
|b Springer,
|c 1978.
|
| 300 |
|
|
|a 1 online resource.
|
| 336 |
|
|
|a text
|b txt
|2 rdacontent
|
| 337 |
|
|
|a computer
|b c
|2 rdamedia
|
| 338 |
|
|
|a online resource
|b cr
|2 rdacarrier
|
| 490 |
1 |
|
|a Advances in Experimental Medicine and Biology, 0065-2598 ;
|v 109
|
| 500 |
|
|
|a Electronic resource.
|
| 650 |
|
0 |
|a Medicine.
|
| 650 |
|
0 |
|a Toxicology.
|
| 650 |
|
7 |
|a Medicine.
|2 fast
|0 (OCoLC)fst01014893
|
| 650 |
|
7 |
|a Toxicology.
|2 fast
|0 (OCoLC)fst01153364
|
| 655 |
|
7 |
|a Electronic books.
|2 local
|
| 700 |
1 |
|
|a Paoletti, Rodolfo.
|
| 700 |
1 |
|
|a Holmes, William L.
|
| 710 |
2 |
|
|a SpringerLink (Online service)
|
| 830 |
|
0 |
|a Advances in experimental medicine and biology ;
|v 109.
|
| 856 |
4 |
0 |
|u http://proxy.library.tamu.edu/login?url=https://link.springer.com/10.1007/978-1-4684-0967-3
|z Connect to the full text of this electronic book
|t 0
|
| 994 |
|
|
|a 92
|b TXA
|
| 999 |
|
|
|a MARS
|
| 999 |
f |
f |
|s f8431a28-c68f-33f5-b1a2-b65ca0a770a2
|i c0ded192-bf57-3bc0-8fb4-3dfcdeb3412a
|t 0
|
| 952 |
f |
f |
|a Texas A&M University
|b College Station
|c Electronic Resources
|s www_evans
|d Available Online
|t 0
|e RM1-950
|h Library of Congress classification
|
| 998 |
f |
f |
|a RM1-950
|t 0
|l Available Online
|